|
|
|
|
| LEADER |
00000nam0a2200000 4500 |
| 001 |
206124 |
| 005 |
20231031190610.0 |
| 010 |
|
|
|a 5020170380
|
| 035 |
|
|
|a (RuTPU)RU\TPU\book\224683
|
| 090 |
|
|
|a 206124
|
| 100 |
|
|
|a 20111224d1990 km y0rusy50 ca
|
| 101 |
0 |
|
|a rus
|
| 102 |
|
|
|a RU
|
| 105 |
|
|
|a ac z 001zy
|
| 200 |
1 |
|
|a Историко-мемуарные записки китайского революционера
|f А. Г. Го Шаотан (Крымов)
|
| 210 |
|
|
|a Москва
|c Наука
|d 1990
|
| 215 |
|
|
|a 384 с.
|c ил.
|
| 320 |
|
|
|a Библиогр.: с. 380-383.
|
| 610 |
1 |
|
|a история
|
| 610 |
1 |
|
|a Китай
|
| 610 |
1 |
|
|a революционное движение
|
| 610 |
1 |
|
|a 20 век
|
| 610 |
1 |
|
|a воспоминания
|
| 610 |
1 |
|
|a записки
|
| 610 |
1 |
|
|a Коммунистическая партия
|
| 610 |
1 |
|
|a Коммунистическая партия Китая
|
| 686 |
|
|
|a Т3(5Кит)
|v LBC/SL-A
|2 rubbk
|
| 700 |
|
1 |
|a Го Шаотан (Крымов)
|b А. Г.
|g Афанасий Гаврилович
|
| 801 |
|
1 |
|a RU
|b 63413507
|c 20111224
|
| 801 |
|
2 |
|a RU
|b 63413507
|c 20180618
|g RCR
|
| 942 |
|
|
|c BK
|